| 000 | 02312nam2a22002531 4500 | ||
|---|---|---|---|
| 001 | rc\2362830 | ||
| 005 | 20250622235021.0 | ||
| 035 | _a(NLR Aleph) 006478765 | ||
| 090 |
_a6011476 _c6011476 |
||
| 100 | _a20110829d1977 |||y0rusy50 ca | ||
| 101 | 0 | _arus | |
| 102 | _aRU | ||
| 105 | _ay z ||||| | ||
| 200 | 1 | _aПодкласс 36 4. Оборудование криогенное, компрессорное, холодильное, для газопламенной обработки металлов, комплектные технологические линии, установки и агрегаты, насосы и агрегаты вакуумные и высоковакуумные | |
| 210 |
_d1977 _aБ. м. |
||
| 215 | _a284 с. | ||
| 333 | _aДСП | ||
| 461 | 0 |
_1001rc\2362824 _12001#$aОбщесоюзный классификатор$eПромышленная и сельскохозяйственная продукция$e[В 10-ти т.]$eТ.1-$fГос. план. ком. Совета Министров СССР. М-во хим. и нефт. машиностроение. Гос. ком. стандартов Совета Министров СССР$hКласс 36$iХимическое и нефтяное машиностроение. 1 74 041$vТ. 6 _96011421 _cМосква _d1977 _eОфиц. изд. _fГос. план. ком. Совета Министров СССР. М-во хим. и нефт. машиностроение. Гос. ком. стандартов Совета Министров СССР _hКласс 36 _iХимическое и нефтяное машиностроение. 1 74 041 _nБ. и. _oПромышленная и сельскохозяйственная продукция : [В 10-ти т.] : Т.1- _tОбщесоюзный классификатор _vТ. 6 |
|
| 517 | 0 | _aОборудование криогенное, компрессорное, холодильное, для газопламенной обработки металлов, комплектные технологические линии, установки и агрегаты, насосы и агрегаты вакуумные и высоковакуумные | |
| 801 | 0 |
_aRU _bNLR _gpsbo |
|
| 801 | 1 |
_aRU _bELAR _2rusmarc |
|
| 852 |
_aNLR _j78-50К/1128 |
||
| 942 | _cBOOK | ||
| 980 | _aNB | ||